MARC details
| 000 -LEADER |
| fixed length control field |
01880cam a2200385 i 4500 |
| 001 - CONTROL NUMBER |
| control field |
16602524 |
| 003 - CONTROL NUMBER IDENTIFIER |
| control field |
EG-ScBUE |
| 005 - DATE AND TIME OF LATEST TRANSACTION |
| control field |
20250217092638.0 |
| 008 - FIXED-LENGTH DATA ELEMENTS--GENERAL INFORMATION |
| fixed length control field |
110106s2011 ua ab f b 001 0 eng d |
| 020 ## - INTERNATIONAL STANDARD BOOK NUMBER |
| International Standard Book Number |
9789774165177 |
| 040 ## - CATALOGING SOURCE |
| Original cataloging agency |
CSt/DLC |
| Language of cataloging |
eng |
| Description conventions |
rda |
| Transcribing agency |
DLC |
| Modifying agency |
DLC |
| -- |
EG-ScBUE |
| 043 ## - GEOGRAPHIC AREA CODE |
| Geographic area code |
f-ua--- |
| 082 04 - DEWEY DECIMAL CLASSIFICATION NUMBER |
| Classification number |
962.04 |
| Edition number |
22 |
| Item number |
FAH |
| 100 1# - MAIN ENTRY--PERSONAL NAME |
| Personal name |
Fahmy, Ziad |
| Fuller form of name |
(Ziad Adel), |
| Relator term |
author. |
| 245 10 - TITLE STATEMENT |
| Title |
Ordinary Egyptians : |
| Remainder of title |
creating the modern nation through popular culture, 1870-1919 / |
| Statement of responsibility, etc |
Ziad Fahmy. |
| 264 #1 - PUBLICATION, DISTRIBUTION, ETC. (IMPRINT) |
| Place of publication, distribution, etc |
Cairo : |
| Name of publisher, distributor, etc |
The American University in Cairo Press, |
| Date of publication, distribution, etc |
2011. |
| 300 ## - PHYSICAL DESCRIPTION |
| Extent |
xvi, 244 pages : |
| Other physical details |
illustrations, map ; |
| Dimensions |
24 cm |
| 336 ## - CONTENT TYPE |
| Content type term |
text |
| Source |
rdacontent |
| Content type code |
txt |
| 337 ## - MEDIA TYPE |
| Media type term |
unmediated |
| Source |
rdamedia |
| Media type code |
n |
| 338 ## - CARRIER TYPE |
| Carrier type term |
volume |
| Source |
rdacarrier |
| Carrier type code |
nc |
| 504 ## - BIBLIOGRAPHY, ETC. NOTE |
| Bibliography, etc |
Includes bibliographical references and index. |
| 505 0# - FORMATTED CONTENTS NOTE |
| Formatted contents note |
Colloquial Egyptian, media capitalism, and nationalism -- Political centralization to cultural centralization -- Print capitalism and the beginnings of colloquial mass culture, 1870-1882 -- New media : laughter, satire, and song, 1882-1908 -- Media capitalism : from mass culture to mass practice, 1907-1919 -- The Egyptian street : carnival, popular culture, and the 1919 revolution. |
| 650 #7 - SUBJECT ADDED ENTRY--TOPICAL TERM |
| Topical term or geographic name as entry element |
Nationalism |
| Geographic subdivision |
Egypt |
| General subdivision |
History |
| Chronological subdivision |
19th century. |
| Source of heading or term |
BUEsh |
| 650 #7 - SUBJECT ADDED ENTRY--TOPICAL TERM |
| Topical term or geographic name as entry element |
Nationalism |
| Geographic subdivision |
Egypt |
| General subdivision |
History |
| Chronological subdivision |
20th century. |
| Source of heading or term |
BUEsh |
| 650 #7 - SUBJECT ADDED ENTRY--TOPICAL TERM |
| Topical term or geographic name as entry element |
National characteristics, Egyptian |
| General subdivision |
History |
| Chronological subdivision |
19th century. |
| Source of heading or term |
BUEsh |
| 650 #7 - SUBJECT ADDED ENTRY--TOPICAL TERM |
| Topical term or geographic name as entry element |
National characteristics, Egyptian |
| General subdivision |
History |
| Chronological subdivision |
20th century. |
| Source of heading or term |
BUEsh |
| 650 #7 - SUBJECT ADDED ENTRY--TOPICAL TERM |
| Topical term or geographic name as entry element |
Popular culture |
| Geographic subdivision |
Egypt |
| General subdivision |
History |
| Chronological subdivision |
19th century. |
| Source of heading or term |
BUEsh |
| 650 #7 - SUBJECT ADDED ENTRY--TOPICAL TERM |
| Topical term or geographic name as entry element |
Popular culture |
| Geographic subdivision |
Egypt |
| General subdivision |
History |
| Chronological subdivision |
20th century. |
| Source of heading or term |
BUEsh |
| 653 ## - INDEX TERM--UNCONTROLLED |
| Arrived date list |
February2025 |
| Resource For college |
MASTER - Political Science |
| 655 ## - INDEX TERM--GENRE/FORM |
| Form subdivision |
Reading book |
| 906 ## - LOCAL DATA ELEMENT F, LDF (RLIN) |
| a |
7 |
| b |
cbc |
| c |
orignew |
| d |
1 |
| e |
ecip |
| f |
20 |
| g |
y-gencatlg |
| 942 ## - ADDED ENTRY ELEMENTS (KOHA) |
| Source of classification or shelving scheme |
Dewey Decimal Classification |
| Koha item type |
Book - Borrowing |